| 000 | 00557nam a2200229Ia 4500 | ||
|---|---|---|---|
| 008 | 160216s9999 xx 000 0 und d | ||
| 020 | _a0-7897-2132-5 | ||
| 050 | _aComSc TK 5105.875 | ||
| 050 | _b.I57 .G73 1999 | ||
| 100 | _aGralla, Preston | ||
| 245 | _aHow the internet works / | ||
| 245 | _cPreston Gralla. | ||
| 260 | _aIndianapolis, IN : | ||
| 260 | _bQue. | ||
| 260 | _c1999 | ||
| 300 | _a324 pages : | ||
| 300 | _bcol. ill. ; | ||
| 300 | _c26 cm. | ||
| 500 | _aIncludes index. | ||
| 650 | _aInternet -- | ||
| 650 | _xPopular works. | ||
| 999 |
_c290829 _d290829 |
||